Les talents des pokémon de la 2G (facile) - Statistiques

Statistiques générales
  • Ce quiz a été pris 16 fois
  • Le résultat moyen est 157 sur 261
Statistiques - réponses
Hint Réponse % Correct
Germignon | Macronium | Meganium Engrais
100%
Capumain | Fouinar | Fouinette | +3 others Fuite
100%
Feuforêve | Zarbi Lévitation
100%
Aligatueur | Crocrodil | Kaiminus Torrent
100%
Tarpaud Crachin
91%
Cerfrousse | Granbull | Kapoera | +2 others Intimidation
91%
Elekid | Lainergie | Pharamp | +2 others Statik
91%
Yanma Turbo
91%
Axoloto | Démanta | Lanturn | +3 others Absorb-Eau
82%
Feurisson | Héricendre | Typhlosion Brasier
82%
Cotovol | Floravol | Granivol | +3 others Chlorophylle
82%
Airmure | Caratroc | Donphan | +4 others Fermeté
82%
Qulbutoké Marque Ombre
82%
Qwilfish Point Poison
82%
Insolourdo | Leuphorie | Togepi | Togetic Sérénité
82%
Cizayox | Kapoera | Queulorior Technicien
82%
Démolosse | Feurisson | Héricendre | +2 others Torche
82%
Lanturn | Loupio Absorbe-Volt
73%
Azumarill | Marill Coloforce
73%
Debugant | Embrylex | Scarhino | Ursaring Cran
73%
Cizayox | Coxy | Coxyclaque | +3 others Essaim
73%
Démanta | Hyporoi | Qwilfish Glissade
73%
Azumarill | Cerfrousse | Ecremeuh | +2 others Herbivore
73%
Entei | Ho-Oh | Lugia | +2 others Pression
73%
Airmure | Farfuret | Fouinar | +3 others Regard Vif
73%
Corayon | Ho-Oh | Roigada Régé-Force
73%
Hyporoi | Migalos | Mimigal | +2 others Sniper
73%
Porygon 2 Télécharge
73%
Scorplane Vaccin
73%
Limagma | Volcaropod Armumagma
64%
Entei | Farfuret | Girafarig | +4 others Attention
64%
Cochignon | Lippouti | Marcacrin | Roigada Benêt
64%
Cornèbre | Togepi | Togetic Chanceux
64%
Limagma | Magby | Volcaropod Corps Ardent
64%
Cadoizo | Cornèbre | Hoothoot | +3 others Insomnia
64%
Azumarill | Cochignon | Ecremeuh | +2 others Isograisse
64%
Melo | Toudoudou Joli Sourire
64%
Hoothoot | Noarfang Lentiteintée
64%
Coxyclaque Poing de Fer
64%
Ecremeuh Querelleur
64%
Capumain | Phanpy | Teddiursa Ramassage
64%
Tyranocif Sable Volant
64%
Cornèbre Farceur
55%
Héliatronc | Tournegrin Force Soleil
55%
Melo Garde-Magik
55%
Celebi | Corayon | Leuphorie Médic Nature
55%
Axoloto | Hyporoi | Maraiste | Tarpaud Moiteur
55%
Pichu Paratonnerre
55%
Aligatueur | Crocrodil | Kaiminus | Steelix Sans Limite
55%
Mentali | Natu | Noctali | Xatu Synchro
55%
Simularbre | Steelix Tête de Roc
55%
Teddiursa | Ursaring Cherche Miel
45%
Cotovol | Floravol | Germignon | +3 others Feuille Garde
45%
Cerfrousse | Fouinar | Fouinette | Yanma Fouille
45%
Axoloto | Maraiste Inconscient
45%
Mentali | Natu | Xatu Miroir Magik
45%
Teddiursa | Ursaring Pied Véloce
45%
Octillery Ventouse
45%
Donphan | Embrylex | Phanpy | +2 others Voile Sable
45%
Airmure | Limagma | Volcaropod Armurouillée
36%
Porygon 2 Calque
36%
Joliflor | Leuphorie Coeur Soin
36%
Caratroc Contestation
36%
Cadoizo | Debugant | Elekid | Magby Esprit Vital
36%
Démanta Ignifu-Voile
36%
Debugant | Kapoera Impassible
36%
Scarhino Impudence
36%
Cizayox Light Metal
36%
Lanturn | Loupio Luminescence
36%
Octillery | Queulorior | Remoraid Lunatique
36%
Coxy | Coxyclaque | Démolosse | +6 others Matinal
36%
Ymphect Mue
36%
Capumain Multi-Coups
36%
Lugia Multiécaille
36%
Coxy | Granbull | Insolourdo | +2 others Phobique
36%
Farfuret Pickpocket
36%
Cochignon | Marcacrin Rideau Neige
36%
Démolosse | Malosse Tension
36%
Cadoizo | Corayon | Remoraid | +2 others Agitation
27%
Porygon 2 Analyste
27%
Toudoudou Battant
27%
Foretress | Pomdepik Envelocape
27%
Melo | Toudoudou Garde-Ami
27%
Scorplane Hyper Cutter
27%
Cotovol | Floravol | Granivol | Nostenfer Infiltration
27%
Lainergie | Pharamp | Wattouat Plus
27%
Qulbutoké Télépathe
27%
Queulorior | Roigada Tempo Perso
27%
Caratroc Gloutonnerie
18%
Lippouti Hydratation
18%
Yanma Oeil Composé
18%
Lippouti Prédiction
9%
Aucun quiz correspondant
Distribution des résultats
% des personnes avec chaque résultat
Percentile par nombre de réponses
Votre historique - résultats
Vous n’avez pas pris ce quiz